Priority list of industries of comprehensive industrial investment schedule, 1965-1970 : (Record no. 52152)
[ view plain ]
| 000 -LEADER | |
|---|---|
| fixed length control field | 00788nam a2200241 a 4500 |
| 001 - CONTROL NUMBER | |
| control field | 52152 |
| 003 - CONTROL NUMBER IDENTIFIER | |
| rucl marc code | BD-RjUL |
| 005 - DATE AND TIME OF LATEST TRANSACTION | |
| control field | 20211209075748.0 |
| 008 - FIXED-LENGTH DATA ELEMENTS--GENERAL INFORMATION | |
| fixed length control field | 160906s1968 pk 000 0 eng |
| 035 ## - SYSTEM CONTROL NUMBER | |
| System control number | (BD-RjUL)52272 |
| 040 ## - CATALOGING SOURCE | |
| Original cataloging agency | DLC |
| Transcribing agency | DLC |
| Modifying agency | DLC |
| Language of cataloging | eng |
| 041 ## - LANGUAGE CODE | |
| Language code of text/sound track or separate title | eng |
| 082 00 - DEWEY DECIMAL CLASSIFICATION NUMBER | |
| Classification number | 338.409549 |
| Edition number | 23 |
| Author mark and year | PAP 1968 |
| 110 1# - MAIN ENTRY--CORPORATE NAME | |
| Corporate name or jurisdiction name as entry element | Pakistan. |
| Subordinate unit | Department of Investment Promotion and Supplies. |
| 9 (RLIN) | 156479 |
| 245 10 - TITLE STATEMENT | |
| Title | Priority list of industries of comprehensive industrial investment schedule, 1965-1970 : |
| Remainder of title | issued in June, 1968. / |
| 260 ## - PUBLICATION, DISTRIBUTION, ETC. (IMPRINT) | |
| Place of publication, distribution, etc. | Karachi : |
| Name of publisher, distributor, etc. | Ministry of industries, |
| Date of publication, distribution, etc. | 1968 |
| 300 ## - PHYSICAL DESCRIPTION | |
| Pagination | vii, 48 p. ; |
| Size | 24 cm. |
| 350 ## - PRICE (NR) (BK AM CF MU VM SE) [OBSOLETE] | |
| Price | 1.12 |
| 650 #0 - SUBJECT ADDED ENTRY--TOPICAL TERM | |
| Topical term or geographic name as entry element | Industries |
| Geographic subdivision | Pakistan. |
| 9 (RLIN) | 156000 |
| Topical term or geographic name as entry element | Capital investments |
| Geographic subdivision | Pakistan. |
| 9 (RLIN) | 156001 |
| 942 ## - ADDED ENTRY ELEMENTS (KOHA) | |
| Source of classification or shelving scheme | Dewey Decimal Classification |
| Koha item type | Books |
| Lost status | Source of classification or shelving scheme | Damaged status | Not for loan | Collection code | Permanent Location | Current Location | Shelving location | Date acquired | Source of acquisition | Cost, normal purchase price | Total Checkouts | Full call number | Date last seen | Copy number | Koha item type |
|---|---|---|---|---|---|---|---|---|---|---|---|---|---|---|---|
| Dewey Decimal Classification | Non-fiction | Central Library, University of Rajshahi | Central Library, University of Rajshahi | 09/11/1968 | Warshi book corporation, | 1.12 | 338.409549 PAP 1968 | 06/09/2016 | C-2 | Books |